| 000 | 00581nam a22001817a 4500 | ||
|---|---|---|---|
| 999 |
_c61301 _d61301 |
||
| 005 | 20240131165520.0 | ||
| 008 | 240131s2023en xxu||||| |||| 00| 0 eng d | ||
| 020 | _a9781038804860 X | ||
| 041 | _aeng | ||
| 080 | _a657.6 R-35 | ||
| 245 |
_aRegulatory Compliance Audits : _bA Complete Guide : PRACTICAL TOOLS FOR SELF-ASSESSMENT |
||
| 264 |
_bRegulatory Compliance Audits Publishing, _c2023. |
||
| 300 |
_a308 pages; _b22cm. |
||
| 653 | _aRegulatory Compliance Audits | ||
| 653 | _aაუდიტი | ||
| 653 | _aბუღალტერია | ||
| 942 |
_2udc _cᲬᲘᲒᲜᲘ |
||